The Blood Line Feud (Record no. 3463)

MARC details
000 -LEADER
fixed length control field 00375nam a22001457a 4500
008 - FIXED-LENGTH DATA ELEMENTS--GENERAL INFORMATION
fixed length control field 250514b |||||||| |||| 00| 0 eng d
020 ## - INTERNATIONAL STANDARD BOOK NUMBER
ISBN 9781447237617
100 ## - MAIN ENTRY--AUTHOR
Author Stross, Charlese
245 ## - TITLE STATEMENT
Title The Blood Line Feud
260 ## - PUBLICATION, DISTRIBUTION, ETC. (IMPRINT)
Place of publication Croydon
Name of publisher Tor
Date of publication 2014
300 ## - COLLATION
Pagination 563p.
650 ## - TRACINGS
Main Subject Women Journalists - Fiction
Subdivision (1st) Fantasy Fiction
942 ## - ADDED ENTRY ELEMENTS (KOHA)
Item type Books
050 ## - LIBRARY OF CONGRESS CALL NUMBER
Classification number PR6119.T79
Item number .B56
Holdings
Source of classification or shelving scheme Not for loan Permanent location Current location Date acquired Accession No. Full call number Barcode. Koha item type
Library of Congress Classification   Samuel Ogbemudia Main Library, University of Abuja Samuel Ogbemudia Main Library, University of Abuja 05/14/2025 2024/64081 PR6119.T79.B56 2025-1931 Books